Statistics for Cedar Point Roller Coasters

Click here to take the quiz!

General Stats

  • This quiz has been taken 1,815 times
    (1,746 since last reset)
  • The average score is 10 of 16

Answer Stats

Answer% Correct
Top Thrill Dragster
88%
Millennium Force
87%
Maverick
81%
Raptor
79%
Gatekeeper
76%
Magnum XL-200
76%
Gemini
72%
Blue Streak
71%
Mean Streak
67%
Mantis
61%
Wicked Twister
60%
Corkscrew
53%
Iron Dragon
52%
Cedar Creek Mine Ride
46%
Woodstock Express
43%
Jr. Gemini
25%

Score Distribution

Percentile by Number Answered

Percent of People with Each Score

Your Score History

You have not taken this quiz since the last reset